000
00339 a2200169 4500
001
189813
020
_a
978-85-260-1684-2
040
_c
Magnum
100
_a
Bandeira, Manuel
240
1
0
_a
Os sinos
_l
por
245
1
0
_a
Os sinos
300
_a
23
362
0
_a
2012
440
1
_a
Global
697
_a
LITERATURA INFANTIL
942
_c
BK
999
_c
189813
_d
189813